ბათუმის შოთა რუსთაველის სახელმწიფო უნივერსიტეტის ბიბლიოთეკა

ქვემო კიდურების ვენების ვარიკოზული გაგანიერება : (ბიბ.ჩანაწერი № 62869)

000 -ლიდერი
ფიქსირებული სიგრძის საკონტროლო ველი 01168nam a22001937a 4500
003 - საკონტროლო ნომრის იდენტიფიკატორი
საკონტროლო ველი Ge_BSU
005 - ბოლო ოპერაციის თარიღი და დრო
საკონტროლო ველი 20250312174312.0
008 - ფიქსირებული სიგრძის მონაცემთა ელემენტები - ზოგადი ინფორმაცია
ფიქსირებული სიგრძის საკონტროლო ველი 250312s1981 ge ||||| |||| 00| 0 geo d
041 ## - ენის კოდი
Language code of text/sound track or separate title geo
080 ## - უნივერსალური ათობითი კლასიფიკაციის ინდექსი
Universal Decimal Classification number 616.14-007.64 ჩ-36
100 ## - მთავარი ჩანაწერი - პიროვნების სახელი
Personal name ჩახუნაშვილი, ს.
9 (RLIN) 24541
245 ## - ცნობა სათაურის შესახებ
Title ქვემო კიდურების ვენების ვარიკოზული გაგანიერება :
Remainder of title (პროფილაქტიკა და მკურნალობა) /
Statement of responsibility, etc ს. ჩახუნაშვილი; საქ. სსრ წითელი ჯვრის საზ-ბის ცკ. საქ. სსრ ჯანდაცვის სამინისტრო. სანგანათლ. რესპ. სახლი.
264 ## - წარმოების, გამოცემის, დისტრიბუციის და სხვა ცნობები
გამოცემის, წარმოების, დისტრიბუციის... ადგილი თბ. :
გამოცემის, წარმოების, დისტრიბუციის... სახელწოდება საბჭ. საქართველო,
გამოცემის, წარმოების, დისტრიბუციის... თარიღი 1981.
300 ## - ფიზიკური აღწერა
Extent 24გვ. :
Other physical details ილ. ;
Dimensions 19სმ.
653 ## - INDEX TERM--UNCONTROLLED
Uncontrolled term ვენების ვარიკოზული გაგანიერება
653 ## - INDEX TERM--UNCONTROLLED
Uncontrolled term მედიცინა
700 ## - ADDED ENTRY--PERSONAL NAME
Personal name ჩახუნაშვილი, ო.
Relator term ავტორი
9 (RLIN) 23433
942 ## - ADDED ENTRY ELEMENTS (KOHA)
Source of classification or shelving scheme
Koha item type წიგნი
ეგზემპლარები
ჩამოწერის სტატუსი დაკარგული ეგზემპლარის სტატუსი კლასიფიკაციის წყარო ან თაროზე გაწყობის სქემა დაზიანების სტატუსი არ გაიცემა მუდმივი მდებარეობა (დაცვის ადგილი) ამჟამინდელი ადგილსამყოფელი თაროზე განთავსების ადგილი შეძენის თარიღი ღირებულება, შესყიდვის ნორმალური ფასი სრული შენახვის შიფრი შტრიხკოდი ბოლო ოპერაციის თარიღი ეგზემპლარის მიმდევრობითი ნომერი (კეტერი?) ფასის ძალაში შესვლის თარიღი ეგზემპლარის სახეობა საჯარო შენიშვნა
          ბათუმის შოთა რუსთაველის სახელმწიფო უნივერსიტეტის მთავარი ბიბლიოთეკა ბათუმის შოთა რუსთაველის სახელმწიფო უნივერსიტეტის მთავარი ბიბლიოთეკა წიგნსაცავი 2025-03-12 0.20 616.14-007.64 ჩ-36 70751 2025-03-12 70751 2025-03-12 წიგნი 0.20 ლ.